000 nam a22 7a 4500
999 _c152674
_d152672
005 20191105115301.0
008 191105b ag ||||| |||| 00| 0 spa d
020 _a9789871220885
050 0 4 _aLC191.8.A54
_bT46 2007
100 1 _aTenti Fanfani, Emilio
_d[1945- ]
245 1 3 _aLa escuela y la cuestión social :
_bensayos de sociología de la educación /
_cEmilio Tenti Fanfani
260 _aArgentina :
_bSiglo Veintiuno,
_c2007
300 _a268 páginas ;
_c21 cm
490 _aSociología y política.
_aEducación y sociedad
504 _aBibliografía p. 263-268
650 7 _2lemb
_aEducación
_xAspectos sociales
_zAmérica Latina
650 7 _2lemb
_aSociología de la educación
942 _2lcc
_cLIB